[Event "Olympiad-40"]
[Site "Istanbul"]
[Date "2012.08.31"]
[Round "4.1"]
[White "Ivanchuk, Vassily"]
[Black "Wojtaszek, Radoslaw"]
[Result "1-0"]
[WhiteElo "2769"]
[BlackElo "2717"]
[Annotator "Krasenkow,M"]
[PlyCount "73"]
[EventDate "2012.08.28"]
[EventType "team-swiss"]
[EventRounds "11"]
[EventCountry "TUR"]
[SourceTitle "CBM 151"]
[Source "ChessBase"]
[SourceDate "2012.11.13"]
[SourceVersion "1"]
[SourceVersionDate "2012.11.13"]
[SourceQuality "1"]
[WhiteTeam "Ukraine"]
[BlackTeam "Poland"]
[WhiteTeamCountry "UKR"]
[BlackTeamCountry "POL"]

1. c4 Nf6 2. Nc3 e6 3. d4 Bb4 4. Nf3 c5 5. e3 b6 6. Qc2 cxd4 (6... Bb7 {
is usually played here.}) 7. exd4 Bb7 8. a3 (8. Be2 O-O 9. O-O d5 10. cxd5 Nxd5
11. a3 Be7 12. Nxd5 Qxd5 13. Be3 Nc6 14. Rfd1 Rac8 $15 {0-1 Batik,F-Eliskases,
E/corr IFSB Bundesmeisterschaft 1932/Telechess CBM 89/[Eliskases] (38)}) (8.
Bd3 Be7 9. Be3 d6 $5 10. Rd1 Nbd7 11. O-O a6 12. a3 Rc8 13. b4 O-O 14. Rfe1 Re8
15. Ng5 Nf8 16. f4 h6 17. Nh3 Ng4 18. Bc1 Qc7 19. Nf2 Nf6 $11 {0-1 Kincs,I 
(2235)-Bradbury,N (2350)/Budapest 1990/CBM 017 ext (41)}) 8... Be7 9. Be3 (9.
Bd3 Bxf3 $5 (9... d6 10. Be3 Nbd7 11. Rd1 Rc8 12. Qe2 O-O 13. O-O Re8 14. h3
Qc7 15. Bf4 Qb8 16. Rfe1 Bf8 17. Bh2 a6 18. Nd2 h6 19. Qe3 Qa8 20. Bf1 d5 21.
Qd3 dxc4 22. Nxc4 b5 {1/2 Gofshtein,L-Kaspi,A/Lutsk 1986/EXT 2000}) (9... Qc8
10. O-O Bxf3 11. gxf3 Nc6 12. Be3 O-O 13. Kh1 g6 14. Rg1 Nh5 15. f4 f5 16. Be2
Nf6 17. d5 Na5 18. b3 $13 {1-0 Portisch,L (2620)-Kortschnoj,V (2600)/Bad
Kissingen 1983/Candidates (38)}) 10. gxf3 Nc6 11. Be3 Rc8 (11... O-O 12. Rg1 g6
13. d5 Ne5 14. Be2 Qc8 15. Qb3 exd5 16. Nxd5 Nxd5 17. cxd5 d6 $13 {1-0
Gofshtein,L (2385)-Levin,F (2295)/Kiev 1986/EXT 1997 (20)}) 12. O-O Na5 (12...
O-O 13. Rad1 Na5 (13... Re8 $5 {[%cal Yc6a5]} 14. Qe2 d5) 14. d5 Re8 15. Qe2
Nb7 16. Kh1 Nd6 17. Rg1 exd5 18. cxd5 g6 19. f4 $14 {0-1 Plaskett,J (2495)
-Polugaevsky,L (2625)/Luzern 1985/MCD (51)}) 13. Qa4 (13. Qe2 O-O 14. Rac1 d5
15. cxd5 {1/2 Portisch,L (2610)-Arnason,J (2540)/Reykjavik 1987/CBM 002}) 13...
O-O 14. Rac1 d5 15. cxd5 Nxd5 16. Nxd5 exd5 17. Kg2 Bd6 18. Qb5 Qh4 19. h3 Nc4
20. Bxc4 dxc4 21. Rxc4 Rxc4 22. Qxc4 Qh5 $44 {1-0 Szabo,V (2401)-Faber,H (2287)
/LSS 2008/Telechess CBM 131 (70)}) 9... d5 (9... O-O {is premature:} 10. Bd3 {
[%cal Yd4d5]} g6 11. h4 Qc7 12. Nb5 Qc8 13. Bh6 Rd8 14. h5 Nxh5 15. Rxh5 $1 a6
(15... gxh5 $2 16. Bxh7+ Kh8 17. Ne5 Rf8 18. Bg6 $18) 16. Nc3 Bxf3 17. gxf3 {
1-0 Szabo,V-Martinez,J/LSS 2007/Telechess CBM 129 (23)} gxh5 18. O-O-O Kh8 19.
Qe2 Nc6 20. d5 $18) (9... d6 $5 {was quite appropriate.}) 10. c5 $1 {[%mdl 4]
That's the idea behind 9.Be3.} (10. cxd5 Nxd5 11. Bb5+ Bc6 $11) 10... bxc5 11.
dxc5 O-O 12. b4 $14 {[%csl Gb4,Gc5]} Ng4 $6 {The exchange on e3 just opens up
the f-file for White and allows the e3-e4 break.} (12... a6 {is probably more
solid.}) 13. Bd3 Nxe3 14. fxe3 h6 (14... g6 $5) 15. O-O Nd7 $6 (15... a6 $142
16. e4 dxe4 17. Bxe4 Nc6 $14) 16. e4 dxe4 17. Bxe4 Bxe4 18. Qxe4 Nxc5 $6 {
Desperation. Black gets no compensation for the piece.} (18... Nf6 19. Qc4 Qc7
{was more stubborn.}) 19. bxc5 Bxc5+ 20. Kh1 Qa5 21. Ne2 Rad8 22. a4 Rd5 23.
Nf4 Rd6 24. Nh5 {A kingside attack is the appropriate plan here.} Bb4 25. Rab1
Bc3 26. Rb5 Qc7 27. Qe3 Qc4 (27... Rc8 $142 {but after} 28. Ne5 {Black can
hardly survive} (28. Rc1 $143 Rc6)) 28. Rc1 Rd3 29. Qf4 Qa2 30. h4 Bb2 31. Rc7
Qa1+ 32. Kh2 a6 33. Rxb2 $5 (33. Rxf7 $144 Rxf7 34. Rb8+ Kh7 35. Qxf7 Rxf3 (
35... Be5+ 36. Nxe5 Qxe5+ 37. g3 Rd2+ 38. Kh3) 36. Qg8+ Kg6 37. Qxe6+ Kxh5 38.
gxf3 Be5+ 39. Kg2 $18) 33... Qxb2 34. Ne5 Rd2 35. Nf6+ $1 gxf6 36. Qg3+ Kh7 (
36... Kh8 37. Nxf7+ Rxf7 38. Rc8+) 37. Rxf7+ {So, there is a problem for Black
to solve in this system.} 1-0

[Event "Badalona op"]
[Site "Badalona"]
[Date "1995.??.??"]
[Round "9"]
[White "Kalesis, Nikolaos"]
[Black "Ionescu, Constantin"]
[Result "1/2-1/2"]
[WhiteElo "2410"]
[BlackElo "2535"]
[Annotator "Marin,M"]
[PlyCount "61"]
[EventDate "1995.08.??"]
[EventType "swiss"]
[EventRounds "9"]
[EventCountry "ESP"]
[SourceTitle "CBM 049 Extra"]
[Source "ChessBase"]
[SourceDate "1996.01.01"]
[SourceVersion "1"]
[SourceVersionDate "1996.01.01"]
[SourceQuality "1"]

1. d4 Nf6 2. c4 e6 3. Nc3 Bb4 4. Qc2 c5 5. dxc5 Bxc5 6. Nf3 Qb6 7. e3 Qc7 8.
Be2 a6 9. O-O Be7 10. e4 d6 11. Bf4 Nbd7 12. Rfd1 O-O 13. b4 b6 14. Rac1 Bb7
15. a3 Rfd8 16. Nd2 Rac8 17. f3 Ne5 18. Qb1 d5 19. Kh1 Nh5 20. Bxe5 Qxe5 21.
exd5 exd5 22. Re1 Bd6 $6 (22... Bh4 $1 23. g3 (23. Rf1 Ng3+ 24. hxg3 Bxg3 25.
f4 Qe6 26. Nf3 d4 $19) (23. Red1 Bf2 $17 24. Nxd5 $140 Ng3+ 25. hxg3 Qh5#)
23... Nxg3+ 24. hxg3 Bxg3 25. Nf1 $8 Bxe1 26. Rxe1 Qxc3 $19) 23. Nf1 Nf4 24. c5
Qg5 25. g3 Nxe2 26. Nxe2 Qf6 27. cxd6 Qxf3+ 28. Kg1 d4 29. Nf4 Qh1+ 30. Kf2
Qf3+ 31. Kg1 1/2-1/2

[Event "Olympiad-31"]
[Site "Moscow"]
[Date "1994.12.08"]
[Round "7.4"]
[White "Ruzele, Darius"]
[Black "Yemelin, Vasily"]
[Result "0-1"]
[WhiteElo "2495"]
[BlackElo "2520"]
[Annotator "Moiseev,V"]
[PlyCount "68"]
[EventDate "1994.12.01"]
[EventType "team-swiss"]
[EventRounds "14"]
[EventCountry "RUS"]
[SourceTitle "CBM 045"]
[Source "ChessBase"]
[SourceDate "1995.04.01"]
[SourceVersion "1"]
[SourceVersionDate "1995.04.01"]
[SourceQuality "1"]
[WhiteTeam "Lithuania"]
[BlackTeam "Russia II"]
[WhiteTeamCountry "LTU"]
[BlackTeamCountry "RUS"]

1. d4 Nf6 2. c4 e6 3. Nc3 Bb4 4. Qc2 c5 5. dxc5 Bxc5 6. Nf3 Qb6 7. e3 a6 8. Bd3
(8. b3 $5) 8... Qc7 9. O-O (9. a3 Be7 10. O-O d6 11. b4 b6 12. Bb2 Bb7 13. Qe2
Nbd7 14. h3 O-O 15. e4 $14 {Sherbakov,R-Gurevich,M/Helsinki/1992/1:0/33/Inf 55/
550/}) 9... b6 10. h3 Bb7 (10... Be7 11. e4 d6) 11. e4 Nc6 12. Re1 d6 (12...
Nb4 $6 13. Qe2 Nxd3 14. Qxd3 {/\ 15 e4-e5}) 13. a3 O-O 14. Rb1 (14. b4 $6 Nd4
15. Nxd4 Bxd4 $15) (14. Ne2 b5 15. cxb5 (15. b4 bxc4) 15... axb5 16. b4 $2 Bxb4
$17) 14... Nd7 (14... Rac8 $2 15. b4 Nd4 16. Nxd4 Bxd4 17. Ne2) 15. b4 (15. Ne2
$5 a5 $10 (15... b5 $6 16. cxb5 axb5 17. b4 $14) 16. Nc3 Nde5) 15... Nd4 16.
Nxd4 Bxd4 $10 17. Ne2 Bf6 18. Bf4 Rac8 19. Rbc1 Ne5 20. Qd2 Bh4 21. Bg3 Be7 22.
Red1 $6 {[#]} (22. Nd4 $142) 22... f5 $1 23. exf5 $2 (23. Bxe5 dxe5 $15) (23.
Nd4 $5) 23... Qc6 24. Nf4 (24. f3 Nxf3+ 25. gxf3 Qxf3 $19) 24... g5 $1 25. b5 (
25. fxg6 Rxf4 26. gxh7+ Kh8 $19) 25... axb5 26. cxb5 Nf3+ $1 27. gxf3 $6 (27.
Kh1 Qxc1 $1 (27... Nxd2 $2 28. bxc6 gxf4 (28... Bxc6 29. Nxe6) 29. cxb7 Rxc1
30. Rxc1 fxg3 31. Rc8 $18) 28. Qxc1 Rxc1 29. Rxc1 gxf4 30. Bxf4 Nh4 31. Rc7
Bxg2+ 32. Kh2 Bd8 $17) 27... Qxf3 28. Kh2 (28. Kf1 Rxc1 29. Rxc1 gxf4 30. Bxf4
e5 31. Bg3 Qh1+ 32. Ke2 Bf3+ $19) 28... gxf4 29. Rg1 Rxc1 $1 30. Qxc1 Kh8 $1
$19 (30... Qxd3 $2 31. Bh4+ Kf7 32. Qc7) 31. Qxf4 Qxd3 32. Bh4 Bxh4 33. Qh6 Rf7
34. Qxh4 Qxf5 0-1

[Event "EU-ch 18th"]
[Site "Minsk"]
[Date "2017.05.30"]
[Round "1"]
[White "Basso, Pier Luigi"]
[Black "Korobov, Anton"]
[Result "1-0"]
[WhiteElo "2447"]
[BlackElo "2688"]
[Annotator "Moradiabadi,E"]
[PlyCount "73"]
[EventDate "2017.05.30"]
[EventType "swiss"]
[EventRounds "11"]
[EventCountry "BLR"]
[SourceTitle "CBM 179"]
[Source "ChessBase"]
[SourceDate "2017.07.12"]
[SourceVersion "1"]
[SourceVersionDate "2017.07.12"]
[SourceQuality "1"]

1. d4 Nf6 2. c4 e6 3. Nc3 Bb4 4. Qc2 c5 5. dxc5 Qc7 6. a3 Bxc5 7. b4 Be7 8. Nb5
Qc6 9. Nf3 d6 10. g4 a6 11. Nbd4 Qc7 12. g5 Nh5 13. Bb2 Nc6 14. e3 Nxd4 15.
Bxd4 Qc6 16. Qd1 O-O 17. Rc1 g6 18. Bg2 e5 19. Bb2 Rd8 20. O-O Qe8 21. Qe2 Bg4
22. h3 Bf5 23. Rfd1 Rac8 24. c5 dxc5 25. bxc5 Rxd1+ 26. Qxd1 Be4 27. Nxe5 Bxg2
28. Kxg2 Bxg5 29. Qd5 {Anton Korobov is one of the most uncompromising players
out there with a distinguished fighting spirit. Here, though, he succumbed to
a tactical shot he missed against Italian youngster Pier Luigi Basso.} Rd8 $2 {
In an already much worse position, Korobov lets his young opponent win the
game with a queen sacrifice!} (29... Rc7 30. Nxf7 Rxf7 31. Qxg5 Rf5 32. Qh4
Qc6+ 33. Kh2 Rxc5 34. Qd8+ Kf7 35. Rxc5 Qxc5 36. Qd7+ Qe7 37. Qd5+ Ke8 {
and Black has to sit tight and hope for the best.}) 30. Qxb7 $1 {A blunder?
No! a queen sac!} Rb8 31. c6 Nf6 (31... Rxb7 32. cxb7 {and Rc8 cannot be
prevented.}) 32. Nf3 $1 {Basso shows great accuracy! Now everything is hanging
while Black's king is stuck in something of a mating net!} h6 33. Nxg5 {
Flamboyant!} (33. Be5 {is a simpler version.}) 33... hxg5 34. Bxf6 Rxb7 35.
cxb7 Qe4+ {The passed pawn is gone but the mating net is still there!} 36. f3
Qxb7 37. Rd1 {38.Rd8 cannot be prevented while it is impossible for Black's
king to run out of the box! Black has to give up his queen for the rook but
the ensuing endgame is elementary as White will be up a piece.} 1-0

[Event "Chigorin Memorial"]
[Site "St Petersburg"]
[Date "1995.??.??"]
[Round "3"]
[White "Rychagov, Andrey"]
[Black "Lugovoi, Aleksei"]
[Result "1/2-1/2"]
[WhiteElo "2310"]
[BlackElo "2490"]
[Annotator "Nikitin,A"]
[PlyCount "79"]
[EventDate "1995.09.??"]
[EventType "swiss"]
[EventRounds "9"]
[EventCountry "RUS"]
[SourceTitle "EXT 1997"]
[Source "ChessBase"]
[SourceDate "1996.11.15"]
[SourceVersion "1"]
[SourceVersionDate "1996.11.15"]
[SourceQuality "1"]

1. d4 Nf6 2. c4 e6 3. Nc3 Bb4 4. Qc2 c5 5. dxc5 Na6 6. a3 Bxc3+ 7. Qxc3 Nxc5 8.
f3 d5 (8... a5 9. e4 d6 10. Be3 b6 11. Ne2 O-O 12. Qc2 $14) 9. cxd5 b6 10. b4 (
10. Bg5 $1 exd5 11. Bxf6 Qxf6 (11... gxf6 12. e3 O-O 13. Ne2 Ba6 14. Nd4 Bxf1
15. Kxf1 Rc8 16. Qd2 Ne6 17. Nf5 $14) 12. Qxf6 gxf6 13. Rd1 Bb7 14. e3 O-O-O
15. Kf2 $14) 10... Na4 11. Qb3 b5 12. e4 a6 13. Ne2 (13. Bd3 $1 exd5 14. e5 Qe7
15. Ra2 $1 O-O 16. Re2 Nd7 17. f4 Ndb6 18. Nf3 Nc4 19. O-O $14) 13... O-O 14.
Be3 exd5 15. e5 $16 d4 16. Nxd4 (16. Bxd4 Be6 17. Qe3 Nd5 18. Qe4 Qd7 19. Rd1
Bf5 $44) 16... Re8 17. Rd1 Nd5 18. Nc6 Qc7 19. Qxd5 Bb7 20. Qd6 Qxc6 21. Qxc6
Bxc6 22. Bd4 f6 23. f4 Rad8 24. h4 $2 (24. Be2 $1 fxe5 25. Bxe5 Rxd1+ 26. Bxd1
Nb2 27. Bb3+ Nc4 28. O-O Kf8 29. Re1 $16) 24... fxe5 25. Bxe5 Rxd1+ 26. Kxd1
Nb6 27. Rh3 Nc4 28. Bxc4+ bxc4 29. Kd2 (29. Rg3 g6 30. Kd2 Rd8+ 31. Kc3 Bb5 32.
Bd4 $14) 29... Rd8+ 30. Ke2 g6 31. Rc3 Bb5 32. g4 Kf7 33. Ke3 Ke6 34. Bd4 h5
35. gxh5 gxh5 36. a4 Bxa4 37. Rxc4 Kf5 38. Rc5+ Kg4 39. Bf6 Re8+ 40. Re5
1/2-1/2

[Event "Chigorin Memorial"]
[Site "St Petersburg"]
[Date "1995.??.??"]
[Round "1"]
[White "Rychagov, Andrey"]
[Black "Yemelin, Vasily"]
[Result "1/2-1/2"]
[WhiteElo "2310"]
[BlackElo "2500"]
[Annotator "Nikitin,A"]
[PlyCount "82"]
[EventDate "1995.09.??"]
[EventType "swiss"]
[EventRounds "9"]
[EventCountry "RUS"]
[SourceTitle "EXT 1997"]
[Source "ChessBase"]
[SourceDate "1996.11.15"]
[SourceVersion "1"]
[SourceVersionDate "1996.11.15"]
[SourceQuality "1"]

1. d4 Nf6 2. c4 e6 3. Nc3 Bb4 4. Qc2 c5 5. dxc5 Bxc5 6. Nf3 Qb6 (6... a6 7. Bf4
b6 8. e3 Bb7 9. Be2 Be7 10. Rd1 Nh5 11. Bg3 Nc6 12. a3 Rc8 13. Qd3 Nxg3 14.
hxg3 h6 15. Kf1 Qc7 16. b4 d6 17. Ne4 Rd8 $10 {Ionov,S-Anastasian,A/
St-Petersburg/1993/1-0/35/}) 7. e3 Qc7 8. Bd3 (8. b3 a6 9. Bb2 Be7 10. g4 $5 h6
11. Rg1 b6 12. h4 Bb7 13. Be2 Nc6 14. a3 Na5 $6 15. g5 Nh5 16. O-O-O $36 {
Ilanos,G-Panno,O/Trelew/1995/1-0/46/}) 8... b6 9. a3 (9. O-O a6 10. h3 Bb7 11.
e4 Nc6 $5 12. Re1 d6 13. a3 O-O 14. Rb1 Nd7 15. b4 Nd4 16. Nxd4 Bxd4 17. Ne2
Bf6 $13 {Ruzele,D-Yemelin,V/Moscow(ol)/1994/0-1/45/}) 9... Bb7 10. b4 Be7 11.
e4 d6 12. O-O Nbd7 13. Bf4 $5 a6 14. Rfe1 Ng4 (14... O-O 15. e5 dxe5 16. Nxe5
Bd6 17. Nxd7 Qxd7 18. Bg5 $14) 15. Rac1 Rc8 16. Na4 O-O 17. h3 (17. Qe2 $5 Bc6
18. Nc3 $14) 17... Nge5 18. Nxe5 Nxe5 19. Bxe5 dxe5 20. c5 $1 b5 21. Nc3 Rfd8
$132 22. Ra1 Rd4 23. Ne2 Rd7 24. Red1 Rcd8 25. Nc3 Qc6 (25... Rd4 26. Ne2 R4d7
$10 27. a4 bxa4 28. Nc3 Rd4 29. Rxa4 Qd7 30. Be2 $13) 26. Kh2 g6 27. a4 bxa4
28. Rxa4 Rd4 29. Qe2 Qd7 (29... Bxc5 $2 30. bxc5 Rxa4 31. Bb5 axb5 32. Rxd8+
Kg7 33. Nxa4 bxa4 34. Qc4 $16) 30. Bc2 Bg5 31. Qg4 Bd2 32. Ne2 Rxe4 (32... Rc4
$1 33. Ra2 Rxc2 $1 34. Rxc2 Bf4+ 35. Nxf4 Qxd1 36. Qxd1 Rxd1 37. Ne2 $1 Kf8 $1
38. f3 $1 (38. Nc3 Rd4 39. b5 Rc4 $1 40. c6 Bc8 41. Rd2 Ke7 42. bxa6 Bxa6 43.
Rd7+ Kf6 $17) 38... Rb1 39. c6 Bc8 40. c7 Ke7 41. Rd2 Bd7 42. Rc2 Bc8 43. Rd2
$10) 33. Bxe4 Qxa4 34. Rxd2 Rxd2 35. Bxb7 Qb5 36. Bf3 a5 (36... f5 37. Qg5 Rxe2
38. Bxe2 Qxe2 39. Qd8+ Kf7 40. Qd7+ Kf6 41. c6 Qxf2 42. c7 Qf4+ 43. Kg1 Qc1+
44. Kf2 Qc2+ (44... Qf4+ 45. Ke2 Qe4+ 46. Kd2 Qxb4+ 47. Kc2 Qc4+ 48. Kb2 Qb4+
49. Ka2 $1 Qc4+ 50. Ka3 Qc3+ 51. Ka4 Qc4+ 52. Ka5 Qc5+ 53. Kxa6 $16) 45. Kg3
f4+ 46. Kh2 f3 47. Qd8+ Kf7 48. Qd7+ $10) 37. bxa5 Qxc5 38. Ng3 Qxa5 39. Qg5 f5
$36 40. Qf6 (40. Qe7 Qb6 $10) 40... Rd6 41. Bb7 e4 1/2-1/2

[Event "RUS-ch 56th"]
[Site "Krasnoyarsk"]
[Date "2003.09.10"]
[Round "7"]
[White "Shipov, Sergei"]
[Black "Shcherbakov, Ruslan"]
[Result "1-0"]
[WhiteElo "2589"]
[BlackElo "2555"]
[Annotator "Postny,E"]
[PlyCount "71"]
[EventDate "2003.09.03"]
[EventType "swiss"]
[EventRounds "9"]
[EventCountry "RUS"]
[SourceTitle "CBM 098"]
[Source "ChessBase"]
[SourceDate "2004.02.03"]
[SourceVersion "1"]
[SourceVersionDate "2004.02.03"]
[SourceQuality "1"]

1. d4 Nf6 2. c4 e6 3. Nc3 Bb4 4. Qc2 c5 5. dxc5 Na6 6. a3 Bxc3+ 7. Qxc3 Nxc5 8.
f3 ({The main alternative is} 8. b4) 8... d5 {The most aggressive way of play
connected with the following pawn sacrifice. More positional continuations are
8...a5 and 8...d6.} 9. cxd5 b6 10. b4 Na4 11. Qc2 ({Another line is} 11. Qb3 {
, for instanse see the commented game Vaisser,A-Fressinet,L/Meribel 1998/CBM
67 [Golod,V]}) 11... b5 12. e4 {[%csl Rb5]} a6 13. Bd3 (13. Be3 exd5 (13... O-O
$5) 14. e5 O-O 15. Bd4 Re8 16. Bd3 Nd7 17. f4 $14 {1-0 Shabalov,A-Moskow,E/New
York 1992/EXT 97 (29)}) (13. Bg5 exd5 14. e5 h6 15. Bh4 g5 16. Bf2 Nh5 17. Ne2
Be6 18. Qc6+ Kf8 19. g4 Ng7 20. h4 $16 {1/2-1/2 Kramer,G-Glattacker,G/Bad
Woerishofen 1991/EXT 98 (72)}) 13... Bb7 {Probably black should put more
attention to the immediate castle.} (13... O-O 14. Bg5 h6 15. Bh4 exd5 16. e5
Qe8 17. f4 Nh5 18. Bg3 Bg4 19. Nf3 Rc8 20. Qd2 f6 $36 {1-0 Kallio,H-Ahlander,B/
Gothenburg 2001/CBM 81 (45)}) (13... exd5 14. e5 $14) 14. dxe6 $1 $146 {
[%mdl 8] This obvious move appeares to be a novelty!} ({Appeared in practice} 
14. Qf2 {- see the commented game Hillarp Persson,T-Brynell,S/Gothenburg 1999/
CBM 69 [Golod,V]}) 14... fxe6 15. Ne2 (15. Be3 $6 Rc8 16. Qd2 O-O 17. Ne2 Nb2
$132) 15... Qb6 16. Bf4 {Black's compensation for the pawn is not sufficient.
White will soon transfer his dark-squared bishop to the diagonal g1-a7.} O-O
17. Rd1 Rf7 (17... Rac8 18. Qd2 (18. Qb3 $143 Rfd8) 18... Rfd8 19. Be3 {
followed by 20.0-0.}) 18. Bg3 Rc8 19. Qb3 Bxe4 $5 {This desperate simply does
not work. On the other hand it is impossible to point out clear improvement,
since black has no compensation for the pawn.} (19... Qe3 20. Bf2 Qg5 21. O-O
$18) 20. Bxe4 Nxe4 21. fxe4 Rc3 22. Qa2 Rxg3 {Black decided to die in style.} (
22... Rc4 23. Rf1 $18) 23. hxg3 $1 (23. Nxg3 Nc3 24. Qd2 Nxd1 25. Kxd1 Rf2 {
and black still keeps some hope.}) 23... Qf2+ {The play is now forced for a
while.} 24. Kd2 Rd7+ 25. Kc1 Qe3+ 26. Kb1 Qxe4+ 27. Qc2 Rxd1+ 28. Rxd1 Qxe2 29.
Qxe2 Nc3+ 30. Kc2 Nxe2 31. Rd6 {In the end of the storm black landed in a very
disappointing endgame, to say the least...} Kf7 32. Rxa6 Nxg3 33. Rb6 Ne2 34.
Kd2 Nf4 35. Rxb5 Nxg2 36. a4 1-0